00883cam a2200265 a 450000100090000000300040000900500170001300800410003001000170007102000180008802000150010603500240012103500210014504000540016605000270022008200200024710000210026724500360028826000330032430000210035765000130037865500290039185601060042085600910052614966655LC 20160229105758.0070814s2007 nyu 000 1 eng  a 2007033491 a9780451224446 a052595029X a(OCoLC)ocn144557883 a(OCoLC)144557883 aDLCcDLCdDOVdBAKERdBTCTAdUPZdC#PdYDXCPdDLC00aPR 6111.H68b.K45 200800aFIC bK52s 20071 aKhoury, Raymond.14aThe sanctuary /cRaymond Khoury aNew York : bSignet,cc2008. a468 p. ;c17 cm. 0aFiction. 7aSuspense fiction.2gsafd423Contributor biographical informationuhttp://www.loc.gov/catdir/enhancements/fy0806/2007033491-b.html423Publisher descriptionuhttp://www.loc.gov/catdir/enhancements/fy0806/2007033491-d.html